书目信息 |
| 题名: |
新编大学英语四级考试高分突破(写作与范文)
|
|
| 作者: | 孙亦丽 主编 | |
| 分册: | ||
| 出版信息: | 北京 科学技术文献出版社 2000.05 |
|
| 页数: | 247页 | |
| 开本: | 32开 | |
| 丛书名: | ||
| 单 册: | ||
| 中图分类: | H315 | |
| 科图分类: | ||
| 主题词: | 英语 | |
| 电子资源: | ||
| ISBN: | 7-5023-3159-X | |
| 000 | 00613nam0 2200193 45 | |
| 001 | 0010091587 | |
| 005 | 20001009160235.2 | |
| 010 | @a7-5023-3159-X@d9.50元 | |
| 100 | @a20001009d2000 km y0chiy0120 ea | |
| 101 | 0 | @achi |
| 105 | @a z 000yy | |
| 200 | 1 | @a新编大学英语四级考试高分突破(写作与范文)@AXin Bian Da Xue Ying Yu Si Ji Kao Shi Gao Fen Tu Po(Xie Zuo Yu Fan Wen)@f孙亦丽主编@FSun Yi Li Zhu Bian |
| 210 | @a北京@c科学技术文献出版社@d2000.05 | |
| 215 | @a247页@d32开 | |
| 606 | 0 | @a英语 |
| 690 | @aH315@v3 | |
| 701 | 0 | @a孙亦丽@4主编 |
| 801 | @aCN@bPftUser@c20001009 | |
| 905 | @dH315@eS465@b173480-484@f5 | |
| 新编大学英语四级考试高分突破(写作与范文)/孙亦丽主编.-北京:科学技术文献出版社,2000.05 |
| 247页;32开 |
| ISBN 7-5023-3159-X:9.50元 |
| ● |
| 相关链接 |
|
|
|
正题名:新编大学英语四级考试高分突破(写作与范文)
索取号:H315/S465
 
预约/预借
| 序号 | 登录号 | 条形码 | 馆藏地/架位号 | 状态 | 备注 |
| 1 | 173480 | 201734800 | 语言库209/209语言库 37排6列6层/ [索取号:H315/S465] | 在馆 | |
| 2 | 173481 | 201734819 | 语言库209/209语言库 37排6列6层/ [索取号:H315/S465] | 在馆 | |
| 3 | 173482 | 201734828 | 语言库209/209语言库 37排6列6层/ [索取号:H315/S465] | 在馆 | |
| 4 | 173483 | 201734837 | 自科二线504/504自科库 28排2列2层/ [索取号:H315/S465] | 在馆 | |
| 5 | 173484 | 201734846 | 语言库209/209语言库 37排6列6层/ [索取号:H315/S465] | 在馆 |